Toponimia del alto valle del río Aragón / (Record no. 23054)

MARC details
000 -LEADER
campo de control de longitud fija 00904nam a2200229 i 4500
001 - NÚMERO DE CONTROL
campo de control 23054
003 - IDENTIFICADOR DE NÚMERO DE CONTROL
campo de control ES-MaACL
005 - FECHA Y HORA DE LA ÚLTIMA TRANSACCIÓN
campo de control 20250727090710.0
007 - CAMPO FIJO DE DESCRIPCIÓN FÍSICA--INFORMACIÓN GENERAL
campo de control de longitud fija t|
008 - DATOS DE LONGITUD FIJA--INFORMACIÓN GENERAL
campo de control de longitud fija 021209s1949 sp ||||1| spa d
100 1# - ENTRADA PRINCIPAL--NOMBRE DE PERSONA
Nombre de persona Alvar, Manuel,
Fechas asociadas al nombre 1923-2001
9 (RLIN) 20583
245 10 - MENCIÓN DEL TÍTULO
Título Toponimia del alto valle del río Aragón /
Mención de responsabilidad, etc. Manuel Alvar.
260 ## - PUBLICACIÓN, DISTRIBUCIÓN, ETC.
Lugar de publicación, distribución, etc. Zaragoza :
Nombre del editor, distribuidor, etc. Instituto de Estudios Pirenaicos,
Fecha de publicación, distribución, etc. 1949 (
Fabricante Heraldo de Aragón)
300 ## - DESCRIPCIÓN FÍSICA
Extensión 111 p. ;
Dimensiones 24 cm.
490 1# - MENCIÓN DE SERIE
Mención de serie Monografías del Instituto de Estudios Pirenaicos. Filología ;
Designación de volumen o secuencia 4
500 ## - NOTA GENERAL
Nota general Precede al tít.: Consejo Superior de Investigaciones Científicas.
710 2# - ENTRADA AGREGADA--NOMBRE DE ENTIDAD CORPORATIVA
Nombre de entidad corporativa o nombre de jurisdicción como elemento de entrada Consejo Superior de Investigaciones Científicas (España)
9 (RLIN) 3236
710 2# - ENTRADA AGREGADA--NOMBRE DE ENTIDAD CORPORATIVA
Nombre de entidad corporativa o nombre de jurisdicción como elemento de entrada Instituto de Estudios Pirenaicos.
9 (RLIN) 4922
830 00 - PUNTO DE ACCESO ADICIONAL DE SERIE-TÍTULO UNIFORME
Título uniforme Monografías del Instituto de Estudios Pirenaicos
Designación de volumen o secuencia 4
9 (RLIN) 229257
852 ## - LOCALIZACIÓN
Ubicación ES-MaACL
Número de control de estantería 1914-F-4
Holdings
Estatus retirado Estado de pérdida Estado de daño No para préstamo Colección Biblioteca de origen Biblioteca actual Ubicación en estantería Fecha de adquisición Fuente de adquisición Total de préstamos Signatura topográfica completa Código de barras Visto por última vez Precio de reemplazo Tipo de ítem Koha
        Colección de folletos Biblioteca del Ateneo de Madrid Biblioteca del Ateneo de Madrid Depósito folletos 17/01/2008     1914-F-4 1023752 23/02/2023 23/02/2023 Folleto